Καρτερώ και ελπίζω

Αποθηκεύτηκε σε:
Λεπτομέρειες βιβλιογραφικής εγγραφής
Κύριος συγγραφέας: Πνευματικού, Λέλα
Μορφή: Βιβλίο
Γλώσσα:Greek
Δημοσίευση: Αθήνα : [χ.ο], 1976
Θέματα:
Ετικέτες: Προσθήκη ετικέτας
Δεν υπάρχουν, Καταχωρήστε ετικέτα πρώτοι!

MARC

LEADER 00000nam a2200000 i 4500
001 1/45078
008 941103s1976 gre d
035 |a 1988  |l 10042445 
040 |a GR-MY-UA  |b gre  |e aacr 
041 1 |a gre 
082 0 |a 889.1 
100 1 |a Πνευματικού, Λέλα. 
245 1 0 |a Καρτερώ και ελπίζω /  |c Λέλα Ν. Πνευματικού 
260 |a Αθήνα :   |b [χ.ο],   |c 1976 
300 |a 64 σ.;  |c 24 cm. 
650 0 0 |a Greek poetry. 
852 |a INST  |b SAMOS  |e 19941103  |h 889.1 ΠΝΕ  |p 005300000630  |q 005300000630  |t BK  |y 0 
909 |a Σ  |b 012216